| 000 | 00503nam a2200157 a 4500 | ||
|---|---|---|---|
| 001 | 000038324 | ||
| 005 | 20201002031229.0 | ||
| 008 | 130408s2005 dr 000 0 spa d | ||
| 040 |
_aDO-SdBNP _bspa _cBNPHU |
||
| 100 | 1 |
_aGavilán, José María _964685 |
|
| 245 | 1 | 3 |
_aEl genio vendido / _cJosé María Gavilán ; prólogo Luz Albania Gavilán Melo. |
| 250 | _a2a. ed. | ||
| 260 |
_aSanto Domingo : _bEditora Serrallés, _c2005. |
||
| 300 | _a202 p. | ||
| 700 | 1 |
_aGavilán Melo, Luz Albania _epról. _964686 |
|
| 999 |
_c37814 _d37814 |
||